书目信息 |
| 题名: |
中华人民共和国环境保护研究文献选编
|
|
| 作者: | ;武汉大学环境法研究 编 | |
| 分册: | ||
| 出版信息: | 北京 法律出版社 1983.12 |
|
| 页数: | 469页 | |
| 开本: | 20cm | |
| 丛书名: | ||
| 单 册: | ||
| 中图分类: | X-01 | |
| 科图分类: | ||
| 主题词: | 环境堡--环境政策 , 环境政策 | |
| 电子资源: | ||
| ISBN: | ||
| 000 | 00687nam0 2200217 45 | |
| 001 | 0312221749 | |
| 005 | 20040513154409.7 | |
| 010 | @dCNY1.85@b精装 | |
| 091 | @a6004.608 | |
| 100 | @a20031222d1983 km y0chiy0120 ea | |
| 101 | @achi | |
| 105 | @a z 000yy | |
| 200 | 1 | @a中华人民共和国环境保护研究文献选编@AZhong Hua Ren Min Gong He Guo Huan Jing Bao Hu Yan Jiu Wen Xian Xuan Bian@f武汉大学环境法研究编@FWu Han Da Xue Huan Jing Fa Yan Jiu Bian |
| 210 | @a北京@c法律出版社@d1983.12 | |
| 215 | @a469页@d20cm | |
| 606 | 0 | @a环境堡@x环境政策 |
| 606 | 0 | @a环境政策 |
| 690 | @aX-01@v3 | |
| 711 | 02 | @a武汉大学环境法研究@4编 |
| 801 | @aCN@bTSTCL@c20031222 | |
| 905 | @dX-01@e7@f1@b107049 | |
| 中华人民共和国环境保护研究文献选编/武汉大学环境法研究编.-北京:法律出版社,1983.12 |
| 469页;20cm |
| ISBN (精装):CNY1.85 |
| ● |
| 相关链接 |
|
|
|
|
正题名:中华人民共和国环境保护研究文献选编
索取号:X-01/7
 
预约/预借
| 序号 | 登录号 | 条形码 | 馆藏地/架位号 | 状态 | 备注 |
| 1 | 0107049 | 001486403 | 第三借阅区/ [索取号:X-01/7] | 在馆 | |
| 2 | 0107050 | 001486396 | 第二样本阅览室/ [索取号:X-01/7] | 在馆 |